[Event "237th Championchallenge"]
[Site "playchess.com "]
[Date "2008.02.09"]
[Round "2.1"]
[White "Drozdovskij, Yuri"]
[Black "Klimciauskas, Domantas"]
[Result "1-0"]
[WhiteElo "2625"]
[BlackElo "2572"]
[PlyCount "61"]
[EventDate "2008.02.09"]
[EventType "k.o. (blitz)"]
[EventCountry "GER"]

1. d4 Nf6 2. c4 e6 3. Nc3 Bb4 4. Qc2 O-O 5. a3 Bxc3+ 6. Qxc3 b6 7. Bg5 Bb7 8.
e3 h6 9. Bh4 d5 10. cxd5 exd5 11. Bxf6 Qxf6 12. Qxc7 Bc6 13. Nf3 Nd7 14. Ba6
Nb8 15. Bc8 Rd8 16. O-O Nd7 17. Ba6 Nb8 18. Bd3 Nd7 19. Rfc1 Rac8 20. Qxa7 Qd6
21. Ne5 Nxe5 22. dxe5 Qxe5 23. Qxb6 Bd7 24. Qd4 Qd6 25. h3 Be6 26. b4 Qb8 27.
b5 Qa8 28. a4 Rxc1+ 29. Rxc1 Qa5 30. b6 Qxa4 31. Qxa4 1-0

[Event "237th Championchallenge"]
[Site "playchess.com "]
[Date "2008.02.09"]
[Round "2.1"]
[White "Galkin, Alexander"]
[Black "Plaskett, Jim"]
[Result "1-0"]
[WhiteElo "2583"]
[BlackElo "2500"]
[PlyCount "83"]
[EventDate "2008.02.09"]
[EventType "k.o. (blitz)"]
[EventCountry "GER"]

1. Nf3 c5 2. e4 d6 3. d4 Nf6 4. Nc3 cxd4 5. Nxd4 Nbd7 6. Be3 g6 7. f3 Bg7 8.
Qd2 O-O 9. g4 Ne5 10. O-O-O Be6 11. h4 Bc4 12. Bd3 Rc8 13. Kb1 d5 14. g5 Nh5
15. f4 Bxd3 16. cxd3 Ng4 17. e5 Qd7 18. Bg1 f5 19. gxf6 exf6 20. e6 Qd6 21. f5
Bh6 22. Qg2 Ng3 23. Rh3 Nxf5 24. Qxg4 Ng7 25. Qe2 Rfe8 26. Re1 a6 27. Rf3 f5
28. Qe5 Qb4 29. Nxd5 Qd2 30. a3 Rc1+ 31. Rxc1 Qxc1+ 32. Ka2 Qxg1 33. Nf6+ Kf8
34. Nxe8 Nxe8 35. e7+ Kg8 36. Qe6+ Kg7 37. Rxf5 gxf5 38. Nxf5+ Kh8 39. Nxh6 Qg6
40. Qe5+ Ng7 41. Nf5 Qf7+ 42. Ka1 1-0

[Event "237th Championchallenge"]
[Site "playchess.com "]
[Date "2008.02.09"]
[Round "2.2"]
[White "Klimciauskas, Domantas"]
[Black "Drozdovskij, Yuri"]
[Result "0-1"]
[WhiteElo "2568"]
[BlackElo "2625"]
[PlyCount "128"]
[EventDate "2008.02.09"]
[EventType "k.o. (blitz)"]
[EventCountry "GER"]

1. e4 e6 2. d4 d5 3. Nc3 Bb4 4. e5 Ne7 5. a3 Bxc3+ 6. bxc3 c5 7. Qg4 Kf8 8. Nf3
Qa5 9. Bd2 Qa4 10. Qf4 cxd4 11. cxd4 Nbc6 12. c3 h6 13. Bd3 b6 14. h4 Ba6 15.
Bxa6 Qxa6 16. h5 Na5 17. Rh3 Qd3 18. Nh4 Qe4+ 19. Qxe4 dxe4 20. Re3 Rc8 21.
Rxe4 Nd5 22. Rc1 Nc4 23. a4 Ke7 24. Rg4 Rhg8 25. Ke2 Kd7 26. Be1 f5 27. exf6
Nxf6 28. Rf4 Rge8 29. Ng6 e5 30. dxe5 Nxe5 31. Kf1 Nxh5 32. Nxe5+ Rxe5 33. Rf7+
Re7 34. Rd1+ Ke8 35. Rxe7+ Kxe7 36. Rd5 Nf6 37. Re5+ Kd6 38. Re3 Nd5 39. Rg3
Rc7 40. Rg4 Ke5 41. c4 Nf6 42. Bc3+ Kf5 43. Rd4 h5 44. f3 g5 45. Kf2 Rd7 46.
Rxd7 Nxd7 47. a5 bxa5 48. Bxa5 Ne5 49. c5 Nd3+ 50. Ke3 Nxc5 51. Bb4 Ne6 52. Be7
Nf4 53. Bc5 a5 54. g3 Ne6 55. Ba3 Nc7 56. Bd6 Nb5 57. Bc5 a4 58. Kd3 a3 59. Kc2
h4 60. gxh4 gxh4 61. Bg1 Kf4 62. Kb3 Kxf3 63. Ka2 Kg2 64. Bc5 h3 0-1

[Event "237th Championchallenge"]
[Site "playchess.com "]
[Date "2008.02.09"]
[Round "2.2"]
[White "Gatterer, Florian"]
[Black "Popovic, Dusan"]
[Result "0-1"]
[WhiteElo "2478"]
[BlackElo "2564"]
[PlyCount "50"]
[EventDate "2008.02.09"]
[EventType "k.o. (blitz)"]
[EventCountry "GER"]

1. f4 d5 2. Nf3 g6 3. e3 Bg7 4. Be2 c5 5. O-O Nc6 6. d3 Nf6 7. Nc3 O-O 8. e4 d4
9. Nb1 Ng4 10. h3 Ne3 11. Bxe3 dxe3 12. c3 e5 13. fxe5 Nxe5 14. Na3 Be6 15. Nc2
Qb6 16. Qc1 Rad8 17. Nxe5 Bxe5 18. Nxe3 Bb8 19. Rd1 Bf4 20. Rf1 Bh6 21. Bf3
Rxd3 22. Re1 c4 23. Kf2 Rfd8 24. Re2 Rxe3 25. Rxe3 Rd3 0-1

[Event "237th Championchallenge"]
[Site "playchess.com "]
[Date "2008.02.09"]
[Round "2.2"]
[White "Plaskett, Jim"]
[Black "Galkin, Alexander"]
[Result "1/2-1/2"]
[WhiteElo "2500"]
[BlackElo "2583"]
[PlyCount "216"]
[EventDate "2008.02.09"]
[EventType "k.o. (blitz)"]
[EventCountry "GER"]

1. e4 c6 2. d3 d5 3. Nd2 e5 4. Ngf3 Bd6 5. d4 exd4 6. exd5 cxd5 7. Bb5+ Nc6 8.
O-O Nge7 9. Nb3 O-O 10. Nbxd4 Bg4 11. Be2 a6 12. h3 Bh5 13. c3 Qc7 14. Be3 Rfe8
15. Re1 Rad8 16. Qd2 Bg6 17. Rad1 h6 18. Bd3 Bxd3 19. Qxd3 Ne5 20. Nxe5 Bxe5
21. Nf3 Nc6 22. Nxe5 Qxe5 23. Bd2 Qd6 24. Rxe8+ Rxe8 25. Be3 Rd8 26. Qf5 Qe6
27. Qf4 Qe5 28. Qg4 Qe6 29. Qf4 Qe5 30. Qxe5 Nxe5 31. Kf1 f6 32. b3 Kf7 33. Ke2
g5 34. Rd4 Nc6 35. Rd2 Ke6 36. Kd3 Ne5+ 37. Kc2 Nc6 38. Re2 Kf7 39. Rd2 Ke6 40.
f3 h5 41. a4 h4 42. b4 Ne5 43. Bd4 Ng6 44. Kb3 Nf4 45. b5 axb5 46. axb5 Ra8 47.
Be3 Ng6 48. Kb4 Ne5 49. Bd4 Kd6 50. Bc5+ Ke6 51. Bd4 Kd6 52. Bc5+ Ke6 53. Re2
Ra1 54. Bd4 Kd6 55. Bc5+ Kd7 56. Bd4 Rb1+ 57. Kc5 Nd3+ 58. Kb6 Nf4 59. Rd2 Ke6
60. Be3 Ng6 61. Bd4 Nf4 62. Be3 Ng6 63. Re2 Ne5 64. Bd4 Kd6 65. Bxe5+ fxe5 66.
Ra2 d4 67. c4 Rc1 68. Kxb7 Rxc4 69. b6 d3 70. Rd2 Rc3 71. Ka6 Kc6 72. Ka5 Rc2
73. Rxd3 Ra2+ 74. Kb4 Rxg2 75. Re3 Kxb6 76. Rxe5 Rg3 77. Rf5 Kc6 78. Kc4 Kd6
79. Kd4 Ke6 80. Ke4 Rg1 81. Ra5 Re1+ 82. Kd3 Kf6 83. Ra6+ Kf5 84. Ra8 Kf4 85.
Rf8+ Kg3 86. Rf5 Rf1 87. Ke2 Rf2+ 88. Ke3 Rg2 89. Rxg5+ Kxh3 90. Rh5 Rg8 91.
Kf2 Ra8 92. Rg5 Ra2+ 93. Kg1 Ra3 94. Kf2 Ra2+ 95. Kg1 Rb2 96. Kf1 Kh2 97. f4
Rb4 98. f5 Rf4+ 99. Ke2 h3 100. Ke3 Rf1 101. Ke2 Rf4 102. Ke3 Rf1 103. Ke2 Rg1
104. Rxg1 Kxg1 105. f6 h2 106. f7 h1=Q 107. f8=Q Qe4+ 108. Kd2 Qd4+ 1/2-1/2

[Event "237th Championchallenge"]
[Site "playchess.com "]
[Date "2008.02.09"]
[Round "2.2"]
[White "Kanakaris, Georgios"]
[Black "Shaposhnikov, Evgeny"]
[Result "0-1"]
[WhiteElo "2378"]
[BlackElo "2546"]
[PlyCount "108"]
[EventDate "2008.02.09"]
[EventType "k.o. (blitz)"]
[EventCountry "GER"]

1. d4 Nf6 2. c4 e6 3. Nf3 b6 4. g3 Ba6 5. b3 d5 6. Bg2 dxc4 7. Ne5 Bb4+ 8. Bd2
cxb3 9. axb3 Bxd2+ 10. Qxd2 Nd5 11. O-O O-O 12. Rc1 Bb7 13. Nc3 c6 14. Ne4 Ne7
15. Rd1 Qc7 16. Qg5 f6 17. Qh5 Nd7 18. Nc4 a5 19. Ncd6 h6 20. Rac1 f5 21. Nxb7
fxe4 22. Qg4 Qxb7 23. Qxe6+ Rf7 24. Bxe4 Nf8 25. Qg4 Qd7 26. Qh5 Qe6 27. Bd3
Qf6 28. Kh1 Rd8 29. Bc4 Nd5 30. e4 b5 31. Be2 Nb4 32. e5 Qg5 33. Qxg5 hxg5 34.
Kg2 Rfd7 35. Ra1 Rxd4 36. Rxd4 Rxd4 37. Rxa5 Rd2 38. Bf3 Ne6 39. Ra8+ Kf7 40.
Ra7+ Kf8 41. Bh5 Nd8 42. Ra8 Ke7 43. Ra7+ Rd7 44. Ra1 Nd3 45. Ra6 Nxe5 46. f4
Rd2+ 47. Kf1 gxf4 48. gxf4 Nd3 49. Ra7+ Ke6 50. Bg4+ Kf6 51. Rd7 Ne6 52. Be2
Nexf4 53. Bxd3 Rxd3 54. b4 Rxd7 0-1

[Event "237th Championchallenge"]
[Site "playchess.com "]
[Date "2008.02.09"]
[Round "2.2"]
[White "Cao Sang"]
[Black "Amin, Bassem"]
[Result "0-1"]
[WhiteElo "2550"]
[BlackElo "2550"]
[PlyCount "66"]
[EventDate "2008.02.09"]
[EventType "k.o. (blitz)"]
[EventCountry "GER"]

1. e4 e5 2. Nf3 Nc6 3. Bb5 a6 4. Ba4 Nf6 5. d4 Nxe4 6. Qe2 b5 7. Qxe4 d5 8. Qe3
bxa4 9. Nxe5 Nxe5 10. Qxe5+ Be6 11. O-O Qd7 12. Nc3 Bd6 13. Qxg7 O-O-O 14. Qh6
Rhg8 15. Ne2 Rg6 16. Qe3 Rdg8 17. g3 Bf5 18. Nf4 Rf6 19. Nxd5 Re6 20. Qc3 Kd8
21. Nf4 Re4 22. Ng2 Re2 23. Ne3 Be4 24. Re1 Rxf2 25. Kxf2 Qh3 26. Rg1 Qxh2+ 27.
Ng2 Rxg3 28. Qxg3 Qxg3+ 29. Ke2 Qf3+ 30. Ke1 Bxc2 31. Be3 Bd3 32. Kd2 Qe2+ 33.
Kc3 Qc2# 0-1

[Event "237th Championchallenge"]
[Site "playchess.com "]
[Date "2008.02.09"]
[Round "2.3"]
[White "Galkin, Alexander"]
[Black "Plaskett, Jim"]
[Result "1-0"]
[WhiteElo "2583"]
[BlackElo "2500"]
[PlyCount "73"]
[EventDate "2008.02.09"]
[EventType "k.o. (blitz)"]
[EventCountry "GER"]

1. Nf3 c5 2. e4 e6 3. d4 cxd4 4. Nxd4 Nc6 5. Nc3 Qc7 6. Be2 a6 7. O-O Nf6 8.
Be3 Be7 9. f4 d6 10. a4 O-O 11. Kh1 Re8 12. Bf3 Rb8 13. Qd2 Bd7 14. Nb3 b6 15.
g4 Bc8 16. g5 Nd7 17. Bg2 Bf8 18. Rf3 Bb7 19. Rh3 g6 20. Qf2 Bg7 21. Qh4 Nf8
22. f5 Ne5 23. f6 Bh8 24. Rd1 b5 25. axb5 axb5 26. Nd4 Bc6 27. Nce2 Bd7 28. Bg1
b4 29. Nf4 Ra8 30. Qf2 Rec8 31. Qd2 Nc4 32. Qxb4 Rab8 33. Qc3 Nxb2 34. Qxc7
Rxc7 35. Rb1 Rcc8 36. Rb3 Rb4 37. Rxb4 1-0

[Event "237th Championchallenge"]
[Site "playchess.com "]
[Date "2008.02.09"]
[Round "3.1"]
[White "Shaposhnikov, Evgeny"]
[Black "Durarbeyli, Vasif"]
[Result "1-0"]
[WhiteElo "2546"]
[BlackElo "2450"]
[PlyCount "85"]
[EventDate "2008.02.09"]
[EventType "k.o. (blitz)"]
[EventCountry "GER"]

1. e4 c5 2. Nf3 a6 3. c3 d6 4. d4 Nd7 5. Bc4 e6 6. d5 e5 7. a4 Ngf6 8. Bd3 g6
9. a5 Bg7 10. Nbd2 O-O 11. Nc4 Qe7 12. Bg5 h6 13. Be3 Kh7 14. Nfd2 Nh5 15. g3
Rb8 16. Be2 Nhf6 17. g4 b5 18. axb6 Nxb6 19. Nxb6 Rxb6 20. Ra2 Bd7 21. h4 Rfb8
22. g5 Ng8 23. Nc4 R6b7 24. h5 Bb5 25. Na5 Ra7 26. gxh6 Bf6 27. hxg6+ fxg6 28.
Bxb5 axb5 29. Nc6 Rxa2 30. Nxe7 Nxe7 31. Qb1 Rba8 32. O-O Nc8 33. b4 c4 34. Qd1
Ne7 35. Qg4 R2a6 36. Qe6 Rf8 37. Qd7 g5 38. Kg2 Rf7 39. Rh1 Rf8 40. Rh3 Kg6 41.
Rf3 g4 42. Rxf6+ Rxf6 43. Qxe7 1-0

[Event "237th Championchallenge"]
[Site "playchess.com "]
[Date "2008.02.09"]
[Round "3.1"]
[White "Drozdovskij, Yuri"]
[Black "Popovic, Dusan"]
[Result "1-0"]
[WhiteElo "2625"]
[BlackElo "2564"]
[PlyCount "93"]
[EventDate "2008.02.09"]
[EventType "k.o. (blitz)"]
[EventCountry "GER"]

1. d4 d5 2. c4 c6 3. Nf3 Nf6 4. e3 a6 5. Bd3 Nbd7 6. Nbd2 e6 7. O-O Be7 8. e4
dxe4 9. Nxe4 Nxe4 10. Bxe4 Nf6 11. Bc2 c5 12. Be3 cxd4 13. Bxd4 O-O 14. Qe2 Bd7
15. Rad1 Qc7 16. Bxf6 Bxf6 17. Qd3 Rfd8 18. Qxh7+ Kf8 19. b3 Bc6 20. Be4 Ke7
21. Bxc6 Qxc6 22. Qc2 b5 23. Rc1 Rac8 24. Qe2 bxc4 25. Rxc4 Qd6 26. Rfc1 Rxc4
27. Qxc4 g6 28. g3 Kf8 29. Qc5 Qxc5 30. Rxc5 Ke7 31. Rc6 Rd6 32. Rxd6 Kxd6 33.
Kf1 Kc5 34. a3 Bb2 35. Ng5 Bxa3 36. Nxf7 Kb4 37. Ne5 Kxb3 38. Nxg6 a5 39. Nf4
a4 40. Nxe6 Bb4 41. Ke2 a3 42. Nd4+ Kc4 43. Nc2 a2 44. h4 Bc3 45. f4 Kd5 46.
Kd3 Bb2 47. Nb4+ 1-0

[Event "237th Championchallenge"]
[Site "playchess.com "]
[Date "2008.02.09"]
[Round "4.1"]
[White "Shaposhnikov, Evgeny"]
[Black "Amin, Bassem"]
[Result "1-0"]
[WhiteElo "2546"]
[BlackElo "2550"]
[PlyCount "93"]
[EventDate "2008.02.09"]
[EventType "k.o. (blitz)"]
[EventCountry "GER"]

1. e4 e5 2. Nf3 Nc6 3. Bc4 Bc5 4. c3 Nf6 5. d3 a6 6. Bb3 Ba7 7. h3 O-O 8. Bg5
h6 9. Bh4 d6 10. Nbd2 Kh7 11. Nf1 Be6 12. Ne3 Rg8 13. g4 g5 14. Bg3 Bxe3 15.
fxe3 Kg7 16. Qc2 Qe7 17. O-O-O b5 18. Bxe6 Qxe6 19. Kb1 a5 20. Rdg1 b4 21. c4
a4 22. Qe2 Nd7 23. h4 f6 24. Rh2 a3 25. b3 Rh8 26. Nd2 Ne7 27. Rgh1 Ng6 28. Qf3
Rae8 29. Kc2 c6 30. Bf2 Rc8 31. Qf5 Qxf5 32. gxf5 Ne7 33. Nf1 d5 34. Ng3 Nc5
35. exd5 cxd5 36. hxg5 hxg5 37. Rxh8 Rxh8 38. Rxh8 Kxh8 39. cxd5 Nxd5 40. e4
Nc3 41. Bxc5 Nxa2 42. d4 Nc3 43. Bxb4 a2 44. Bxc3 exd4 45. Bxd4 Kg7 46. Kb2 Kf7
47. Kxa2 1-0

[Event "237th Championchallenge"]
[Site "playchess.com "]
[Date "2008.02.09"]
[Round "3.2"]
[White "Popovic, Dusan"]
[Black "Drozdovskij, Yuri"]
[Result "0-1"]
[WhiteElo "2564"]
[BlackElo "2625"]
[PlyCount "124"]
[EventDate "2008.02.09"]
[EventType "k.o. (blitz)"]
[EventCountry "GER"]

1. e4 e6 2. d4 d5 3. Nd2 dxe4 4. Nxe4 Nd7 5. Nf3 Ngf6 6. Ng3 c5 7. dxc5 Bxc5 8.
Bd3 b6 9. O-O Bb7 10. Qe2 O-O 11. Bg5 h6 12. Bf4 Nd5 13. Bd2 Qc7 14. Rad1 Nf4
15. Bxf4 Qxf4 16. Be4 Qc7 17. Bxb7 Qxb7 18. Ne4 Be7 19. Rd3 Nf6 20. Nxf6+ Bxf6
21. c3 Rfd8 22. Rfd1 Rxd3 23. Rxd3 Rc8 24. Qd2 Qe4 25. Kf1 b5 26. Qe2 Qc4 27.
a3 a5 28. Nd2 Qa2 29. Ne4 Be7 30. Rd7 Rd8 31. Rxd8+ Bxd8 32. g3 Be7 33. Kg2 Qd5
34. f3 a4 35. Nf2 Bd6 36. Ne4 Be7 37. Nf2 g5 38. h3 h5 39. Qd3 Qxd3 40. Nxd3
Bd6 41. g4 hxg4 42. hxg4 f5 43. Kf2 Bc7 44. Ke3 Bb6+ 45. Ke2 Kg7 46. Ne5 Bc7
47. Nc6 Bb6 48. Ne5 Bc7 49. Nc6 Bb6 50. Nb8 Bc7 51. Nd7 Kf7 52. Kd3 Ke7 53. Nc5
Bb6 54. Na6 Kd6 55. Nb4 Bc5 56. Nc2 Kd5 57. Ne1 fxg4 58. fxg4 e5 59. Ke2 e4 60.
Ng2 Kc4 61. Kd2 Kb3 62. Kc1 Bf2 0-1

[Event "237th Championchallenge"]
[Site "playchess.com "]
[Date "2008.02.09"]
[Round "3.2"]
[White "Durarbeyli, Vasif"]
[Black "Shaposhnikov, Evgeny"]
[Result "0-1"]
[WhiteElo "2450"]
[BlackElo "2546"]
[PlyCount "150"]
[EventDate "2008.02.09"]
[EventType "k.o. (blitz)"]
[EventCountry "GER"]

1. d4 Nf6 2. c4 e6 3. Nf3 b6 4. a3 Ba6 5. Qc2 Bb7 6. Nc3 c5 7. e4 cxd4 8. Nxd4
Bc5 9. Nb3 Nc6 10. Bd3 h6 11. Bf4 e5 12. Bg3 d6 13. Nd5 Nd4 14. Nxd4 Bxd4 15.
O-O Nxd5 16. exd5 O-O 17. Rad1 Rc8 18. b3 Bxd5 19. Qe2 Bb7 20. Bf5 Rc7 21. Kh1
g6 22. Bb1 f5 23. f4 Qf6 24. fxe5 Bxe5 25. Bxe5 dxe5 26. Rd2 f4 27. Be4 Bxe4
28. Qxe4 Re7 29. Re1 f3 30. Rf2 fxg2+ 31. Rxg2 Kh7 32. Reg1 Rg7 33. Rg3 Qf4 34.
Qg2 Rf6 35. Re1 h5 36. Rge3 Rf5 37. Re4 Qf3 38. Qxf3 Rxf3 39. b4 Rxa3 40. Rxe5
Rb3 41. b5 Rc3 42. R1e4 Rc2 43. Re7 Rf2 44. Rxg7+ Kxg7 45. Kg1 Rf7 46. Kg2 Kh6
47. Kg3 Rd7 48. h4 Kg7 49. Kf4 Kf6 50. Re8 Rd4+ 51. Kg3 Rxc4 52. Rf8+ Kg7 53.
Ra8 Rc7 54. Rd8 Kf6 55. Kf4 Rc4+ 56. Kg3 Rc3+ 57. Kf4 Rh3 58. Rd6+ Kg7 59. Kg5
Rg3+ 60. Kf4 Rg4+ 61. Ke5 Rxh4 62. Rd7+ Kh6 63. Rxa7 Rb4 64. Kf6 Rxb5 65. Ra8
Rf5+ 66. Ke6 Kg5 67. Ra2 h4 68. Rg2+ Kh5 69. Rb2 h3 70. Rxb6 h2 71. Rb8 Kh4 72.
Rh8+ Rh5 73. Rg8 h1=Q 74. Rxg6 Qe4+ 75. Kf7 Rh7+ 0-1

[Event "237th Championchallenge"]
[Site "playchess.com "]
[Date "2008.02.09"]
[Round "4.1"]
[White "Galkin, Alexander"]
[Black "Drozdovskij, Yuri"]
[Result "1/2-1/2"]
[WhiteElo "2583"]
[BlackElo "2625"]
[PlyCount "43"]
[EventDate "2008.02.09"]
[EventType "k.o. (blitz)"]
[EventCountry "GER"]

1. c4 Nf6 2. Nc3 e6 3. e4 d5 4. e5 d4 5. exf6 dxc3 6. bxc3 Qxf6 7. Nf3 e5 8. d4
exd4 9. cxd4 Bb4+ 10. Bd2 Bxd2+ 11. Qxd2 O-O 12. Be2 Nc6 13. O-O Bg4 14. d5
Bxf3 15. Bxf3 Ne5 16. Be2 Rad8 17. Rad1 b6 18. Rfe1 h6 19. Bf1 Nd7 20. Qe3 Nc5
21. Rd2 Rd7 22. g3 1/2-1/2

[Event "237th Championchallenge"]
[Site "playchess.com "]
[Date "2008.02.09"]
[Round "4.2"]
[White "Drozdovskij, Yuri"]
[Black "Galkin, Alexander"]
[Result "0-1"]
[WhiteElo "2625"]
[BlackElo "2583"]
[PlyCount "134"]
[EventDate "2008.02.09"]
[EventType "k.o. (blitz)"]
[EventCountry "GER"]

1. d4 d5 2. c4 e6 3. Nf3 c6 4. Qc2 Nf6 5. e3 Nbd7 6. Nc3 Bd6 7. Bd3 O-O 8. O-O
dxc4 9. Bxc4 a6 10. Rd1 b5 11. Be2 Qc7 12. e4 e5 13. g3 Re8 14. dxe5 Nxe5 15.
Nd4 Bc5 16. Bg5 Nfg4 17. b4 Bb6 18. a4 f6 19. Bf4 g5 20. Bc1 Qa7 21. Be3 Nxe3
22. fxe3 Qb8 23. Qa2+ Kg7 24. axb5 cxb5 25. Nd5 Be6 26. Nxe6+ Rxe6 27. Bxb5 Ng4
28. Bd7 Rxe4 29. Bxg4 Rxg4 30. Qf2 Bd8 31. Rac1 Qe5 32. Qf3 Re4 33. Rc5 Qe6 34.
Rf1 Rb8 35. Nc7 Bxc7 36. Rxc7+ Kg6 37. h4 gxh4 38. gxh4 Qg4+ 39. Qxg4+ Rxg4+
40. Kf2 Rbxb4 41. Kf3 Rxh4 42. Rd1 Rh3+ 43. Kg2 Rxe3 44. Rdd7 Rb2+ 45. Kf1 Rh3
46. Rg7+ Kf5 47. Rc5+ Ke6 48. Kg1 Rd3 49. Rc1 h5 50. Re1+ Kf5 51. Rh7 Rg3+ 52.
Kh1 Rh3+ 53. Kg1 Kg6 54. Rh8 Rg3+ 55. Kh1 Rg5 56. Rg8+ Kf5 57. Rc8 Kg6 58. Rc3
Rbb5 59. Rh3 Rbf5 60. Rh2 Rg4 61. Rg2 Rxg2 62. Kxg2 Rg5+ 63. Kf3 a5 64. Re4
Rf5+ 65. Ke3 Re5 66. Rxe5 fxe5 67. Ke4 h4 0-1

[Event "237th Championchallenge"]
[Site "playchess.com "]
[Date "2008.02.09"]
[Round "4.2"]
[White "Amin, Bassem"]
[Black "Shaposhnikov, Evgeny"]
[Result "1-0"]
[WhiteElo "2550"]
[BlackElo "2546"]
[PlyCount "81"]
[EventDate "2008.02.09"]
[EventType "k.o. (blitz)"]
[EventCountry "GER"]

1. Nf3 c5 2. e4 e6 3. d3 d5 4. Nbd2 Bd6 5. g3 Nc6 6. Bg2 Nge7 7. O-O O-O 8. Re1
Bc7 9. h4 e5 10. c3 d4 11. cxd4 cxd4 12. a3 Bg4 13. b4 b5 14. Nb3 a5 15. Bd2
axb4 16. axb4 Qd6 17. Nc5 Qf6 18. Bg5 Qg6 19. Qb3 h6 20. Bxe7 Nxe7 21. Nh2 Be6
22. Qb2 Nc6 23. Rec1 Bb6 24. Nf3 Bg4 25. Nd2 Qd6 26. Bf3 Bxf3 27. Nxf3 Rxa1 28.
Rxa1 Bxc5 29. bxc5 Qxc5 30. Rc1 Qb6 31. Qc2 Nb4 32. Qb3 Qd6 33. Nxe5 Qxe5 34.
Qxb4 Rb8 35. Rc5 Qe8 36. Rd5 Qc6 37. Rxd4 h5 38. Kg2 g6 39. Rd5 Kh7 40. Rc5 Qd6
41. Rxh5+ 1-0

[Event "237th Championchallenge"]
[Site "playchess.com "]
[Date "2008.02.09"]
[Round "4.3"]
[White "Galkin, Alexander"]
[Black "Drozdovskij, Yuri"]
[Result "1-0"]
[WhiteElo "2583"]
[BlackElo "2625"]
[PlyCount "149"]
[EventDate "2008.02.09"]
[EventType "k.o. (blitz)"]
[EventCountry "GER"]

1. e4 e6 2. d4 d5 3. Nc3 dxe4 4. Nxe4 Nd7 5. Nf3 Ngf6 6. Nxf6+ Nxf6 7. Bd3 c5
8. dxc5 Bxc5 9. Bg5 O-O 10. Qe2 h6 11. Bh4 Qa5+ 12. c3 Nd5 13. O-O Nf4 14. Qe4
Nxd3 15. Qxd3 Qc7 16. Bg3 Qb6 17. b4 Be7 18. Be5 Rd8 19. Bd4 Qc7 20. Rad1 b6
21. Ne5 Bb7 22. Qg3 Bf8 23. f4 Be4 24. Ng4 Kh7 25. Ne5 Qb7 26. Rf2 Rac8 27. Qe3
f6 28. Nf3 Bd5 29. Qd3+ Kg8 30. Re1 a5 31. a3 b5 32. Nh4 axb4 33. axb4 Bc4 34.
Qe3 Qd5 35. Ng6 Bd6 36. h3 Kf7 37. Nh4 Bxb4 38. Bxf6 Bc5 39. Bd4 Bxd4 40. cxd4
Qxd4 41. Qg3 Bd5 42. f5 Rc2 43. fxe6+ Kg8 44. Nf5 Qxf2+ 45. Qxf2 Rxf2 46. Kxf2
Rf8 47. g4 g6 48. e7 gxf5 49. exf8=Q+ Kxf8 50. gxf5 b4 51. Re5 Bf7 52. Rb5 b3
53. f6 Bc4 54. Rb7 Bd5 55. Rb6 Kf7 56. Kg3 Be6 57. h4 Kxf6 58. Kf4 Ke7 59. Ke5
Bc4 60. Rxh6 Kf7 61. Rb6 Kg7 62. Kf4 Kh7 63. Kg5 Kg7 64. Rb7+ Kf8 65. Kh6 Kg8
66. Rb8+ Kf7 67. Kh7 Bd3+ 68. Kh6 Bc2 69. Kg5 Kg7 70. Rb7+ Kf8 71. Kf6 Kg8 72.
Kg5 Kh8 73. h5 Kg8 74. Kh6 Kh8 75. Rb8# 1-0

[Event "237th Championchallenge"]
[Site "playchess.com "]
[Date "2008.02.09"]
[Round "4.3"]
[White "Shaposhnikov, Evgeny"]
[Black "Amin, Bassem"]
[Result "0-1"]
[WhiteElo "2546"]
[BlackElo "2550"]
[PlyCount "132"]
[EventDate "2008.02.09"]
[EventType "k.o. (blitz)"]
[EventCountry "GER"]

1. e4 e5 2. Nf3 Nc6 3. Bc4 Bc5 4. c3 Nf6 5. d3 O-O 6. Bb3 a6 7. Bg5 h6 8. Bh4
g5 9. Bg3 d6 10. Nbd2 b5 11. Nf1 a5 12. Bc2 b4 13. Ne3 Ba7 14. O-O bxc3 15.
bxc3 Rb8 16. Bb3 Be6 17. Rb1 Ne7 18. Nd2 Ng6 19. Nf5 Bxf5 20. exf5 Ne7 21. Qf3
Qd7 22. Ne4 Kg7 23. Nxf6 Kxf6 24. Qh5 Nxf5 25. Bd5 Kg7 26. Qg4 Rbd8 27. Rb7 Bb6
28. Rb1 Ne7 29. Qxd7 Rxd7 30. Bc4 Nc8 31. Kf1 f5 32. f3 Kf6 33. Rb8 d5 34. Ba6
Rdd8 35. Be1 Nd6 36. Rxd8 Rxd8 37. c4 dxc4 38. dxc4 e4 39. Rd1 Ra8 40. c5 Bxc5
41. Bc3+ Kg6 42. Be2 Bb4 43. Ba1 Re8 44. g4 fxg4 45. fxe4 Nxe4 46. Bxg4 Rf8+
47. Kg2 Rf2+ 48. Kh1 Rxa2 49. Bd4 h5 50. Be6 Rd2 51. Rxd2 Bxd2 52. Ba2 Bc3 53.
Ba7 Kf5 54. Kg2 Kf4 55. Bb8 Be5 56. Bf7 g4 57. Bxh5 a4 58. Bf7 a3 59. Ba2 c5
60. Bb3 Bxb8 61. Kf1 Be5 62. Bc4 Nd2+ 63. Ke2 Nxc4 64. Kd3 a2 65. Kc2 a1=Q 66.
Kb3 Qc3+ {'} 0-1

[Event "237th Championchallenge"]
[Site "playchess.com "]
[Date "2008.02.09"]
[Round "5.1"]
[White "Amin, Bassem"]
[Black "Galkin, Alexander"]
[Result "0-1"]
[WhiteElo "2550"]
[BlackElo "2583"]
[PlyCount "58"]
[EventDate "2008.02.09"]
[EventType "k.o. (blitz)"]
[EventCountry "GER"]

1. e4 c6 2. d3 d5 3. Nd2 e5 4. Ngf3 Bd6 5. g3 Nf6 6. Bg2 O-O 7. O-O Re8 8. Qe1
a5 9. Nh4 Na6 10. Kh1 Bf8 11. f4 exf4 12. gxf4 Nb4 13. Qd1 Ng4 14. Nhf3 Ne3 15.
Qe2 Nbxc2 16. Nb3 dxe4 17. dxe4 Nxa1 18. Qxe3 Nxb3 19. axb3 a4 20. e5 axb3 21.
Qxb3 Qd5 22. Qc3 Bf5 23. Ng5 Qd3 24. Qe1 Ra1 25. Ne4 Rxc1 26. Nf6+ gxf6 27.
Qxc1 fxe5 28. fxe5 Bg6 29. Qf4 Bg7 0-1

[Event "237th Championchallenge"]
[Site "playchess.com "]
[Date "2008.02.09"]
[Round "5.2"]
[White "Galkin, Alexander"]
[Black "Amin, Bassem"]
[Result "1/2-1/2"]
[WhiteElo "2583"]
[BlackElo "2560"]
[PlyCount "113"]
[EventDate "2008.02.09"]
[EventType "k.o. (blitz)"]
[EventCountry "GER"]

1. e4 e5 2. Nf3 Nc6 3. Bb5 a6 4. Ba4 Nf6 5. O-O Nxe4 6. d4 b5 7. Bb3 d5 8. dxe5
Be6 9. Nbd2 Be7 10. c3 Nc5 11. Bc2 O-O 12. Nb3 Bg4 13. h3 Bh5 14. Re1 Ne6 15.
Bf5 Bg6 16. Qc2 Qd7 17. Be3 Ncd8 18. Rad1 Nb7 19. h4 c5 20. h5 Bxh5 21. Bxh7+
Kh8 22. Be4 Nc7 23. Bf5 Qc6 24. g4 g6 25. Kg2 Kg7 26. Rh1 Rh8 27. Nbd4 cxd4 28.
Nxd4 Qe8 29. gxh5 gxf5 30. Nxf5+ Kf8 31. Bh6+ Rxh6 32. Nxh6 Bg5 33. Qh7 Ne6 34.
Kf1 Ke7 35. Rxd5 Bxh6 36. Qxh6 Qc6 37. Qf6+ Ke8 38. Qf3 Qc4+ 39. Kg1 Ke7 40.
Qf6+ Ke8 41. Qh8+ Ke7 42. Qf6+ Ke8 43. Qf3 Ke7 44. Rd7+ Kxd7 45. Qxb7+ Nc7 46.
Qg2 f6 47. h6 Rg8 48. h7 Rxg2+ 49. Kxg2 Qe4+ 50. Kg1 Qe1+ 51. Kg2 Qe4+ 52. Kg1
Qg4+ 53. Kf1 Qd1+ 54. Kg2 Qg4+ 55. Kf1 Qd1+ 56. Kg2 Qg4+ 57. Kf1 1/2-1/2